Derecho natural: introducción filosófica al derecho

Uloženo v:
Podrobná bibliografie
Hlavní autor: Fernández-Galiano, Antonio (Autor)
Médium: Kniha
Jazyk:španělština
Vydáno: Madrid CURA 1987
Vydání:5a. ed
Témata:
Tagy: Přidat tag
Žádné tagy, Buďte první, kdo vytvoří štítek k tomuto záznamu!

MARC

LEADER 00000nam a2200000 a 4500
001 UCV1136
003 CL-VaPUC
008 891027e19870000SP |||||||||||||||||spa|d
082 0 4 |a 340.11  |b FER  |2 21 
100 0 |a Fernández-Galiano, Antonio  |e author  |9 295366 
245 1 0 |a Derecho natural: introducción filosófica al derecho 
250 |a 5a. ed 
300 |a 430 p 
942 |c BK 
945 |d 19891027 00:00:00 
260 |a Madrid  |b CURA  |c 1987 
650 0 |a Derecho natural   |9 255041 
583 |a last modification  |c 19891027 00:00:00  |k Rodrigo Vera 
999 |c 209176  |d 209174 
952 |0 0  |1 0  |4 0  |6 340_110000000000000_FER_1987  |7 0  |8 DER_TF  |9 184465  |a BIBDER  |b BIBDER  |d 2019-11-14  |i 2517361  |o 340.11 FER 1987  |p 2517361  |r 2023-01-25  |w 2019-11-14  |x Ubicación 4to Piso  |y BK  |z Estos recursos deben solicitarse con anticipación  |k DER